[Event "Vladivostok U20 op"]
[Site "Vladivostok"]
[Date "2010.09.21"]
[Round "2"]
[White "Petko, Daria"]
[Black "Korobko, Aleksey"]
[Result "1-0"]
[WhiteElo "1874"]
[BlackElo "1434"]
[PlyCount "97"]
[EventDate "2010.09.20"]
[EventType "swiss"]
[EventRounds "9"]
[EventCountry "RUS"]
[SourceTitle "CBM 138 Extra"]
[Source "ChessBase"]
[SourceDate "2010.10.29"]
[SourceVersion "1"]
[SourceVersionDate "2010.10.29"]
[SourceQuality "1"]

1. d4 d5 2. c4 e6 3. Nc3 Nf6 4. Bg5 Be7 5. Nf3 h6 6. Bh4 Nc6 7. e3 a6 8. Bd3 Nb4 9. a3 Nxd3+ 10. Qxd3 dxc4 11. Qxc4 b5 12. Qb3 Bb7 13. Bg3 Ne4 14. Nxe4 Bxe4 15. 0-0 0-0 16. Ne5 Bd6 17. f3 Bd5 18. Qc3 Bxe5 19. Bxe5 Rc8 20. e4 Bb7 21. Rac1 c6 22. Qc5 Qa5 23. f4 Qd2 24. Rf3 f6 25. Bd6 Rfd8 26. e5 f5 27. b4 Rd7 28. Rcf1 a5 29. R3f2 Qd3 30. bxa5 Ra8 31. Qb4 Qc4 32. h3 Qxb4 33. axb4 Rad8 34. g4 Rxd6 35. exd6 Rxd6 36. Rd1 fxg4 37. hxg4 Kf7 38. Re2 Bc8 39. Ra2 Ba6 40. Kf2 Kf6 41. Ke3 g5 42. Rh2 Kg6 43. Rh5 Rd5 44. fxg5 hxg5 45. Rc1 Bb7 46. Rch1 Bc8 47. Rh6+ Kg7 48. Rh7+ Kg8 49. Rh8+ 1-0

[Event "Primorie-ch Boys/Girls U16"]
[Site "Lesozavodsk"]
[Date "2010.06.30"]
[Round "7"]
[White "Korobko, Aleksey"]
[Black "Kudryavtseva, Yulia"]
[Result "0-1"]
[WhiteElo "1438"]
[BlackElo "1745"]
[PlyCount "72"]
[EventDate "2010.06.25"]
[EventType "swiss"]
[EventRounds "11"]
[EventCountry "RUS"]
[SourceTitle "EXT 2022"]
[Source "ChessBase"]
[SourceDate "2021.10.06"]
[SourceVersion "1"]
[SourceVersionDate "2021.10.06"]
[SourceQuality "1"]

1. e4 e6 2. Nf3 d5 3. exd5 exd5 4. d4 Bd6 5. Be2 Ne7 6. 0-0 0-0 7. c3 c6 8. Be3 Qc7 9. Nbd2 Bf5 10. Re1 Nd7 11. Nf1 Nf6 12. Bg5 Ne4 13. Bd3 Nxg5 14. Nxg5 Bxd3 15. Qxd3 Ng6 16. g3 h6 17. Ne6 fxe6 18. Qxg6 Rf6 19. Qg4 e5 20. dxe5 Bxe5 21. Qh5 Bd6 22. Re8+ Rxe8 23. Qxe8+ Rf8 24. Qe6+ Kh8 25. Re1 Bc5 26. Re2 Qb6 27. Ne3 Bxe3 28. fxe3 Qb5 29. Qg4 Qd3 30. Kg2 Qd1 31. Kh3 Qf1+ 32. Rg2 Rf2 33. Kh4 Qxg2 34. Qc8+ Kh7 35. Kg4 Qf3+ 36. Kh4 Rxh2+ 0-1